[Event "Hallstahammar Open"]
[Site "?"]
[Date "1997.??.??"]
[Round "?"]
[White "Zizak, Feri"]
[Black "Nystrom, Hartwig"]
[Result "1/2-1/2"]
[WhiteElo "2680"]
[BlackElo "2530"]
[PlyCount "78"]
[EventDate "1997.??.??"]
[Source "www.chesslib.no"]
[SourceDate "2004.05.04"]

1. e4 e5 2. Nf3 Nc6 3. Bc4 Nf6 4. Ng5 d5 5. exd5 Nxd5 6. Nxf7 Kxf7 7. Qf3+ Ke7 8. Qxd5 Qxd5 9. Bxd5 Nb4 10. Be4 g6 11. a3 Na6 12. d3 c6 13. Bg5+ Ke6 14. O-O h6 15. Bh4 g5 16. Bg3 Bg7 17. Nc3 h5 18. h3 h4 19. Bh2 Nc5 20. Bf3 Kf7 21. Ne4 Nxe4 22. dxe4 Be6 23. b3 a5 24. Rfd1 Rad8 25. Bg4 Bxg4 26. hxg4 Rd4 27. f3 Rhd8 28. Rxd4 Rxd4 29. Kh1 Rd2 30. Rc1 b5 31. Bg1 Kf6 32. Bc5 a4 33. bxa4 bxa4 34. Bb4 Rd4 35. c3 Rd3 36. Rc2 Kf7 37. Kh2 Bf8 38. c4 c5 39. Bc3 Ke6 1/2-1/2

[Event "14 Open International"]
[Site "Le Touquet"]
[Date "1999.??.??"]
[Round "3"]
[White "Lepintre, Charlotte"]
[Black "Leroy, Maxime"]
[Result "1-0"]
[WhiteElo "2180"]
[BlackElo "2510"]
[PlyCount "41"]
[EventDate "1999.10.30"]
[Source "www.chesslib.no"]
[SourceDate "2004.05.04"]

1. e4 e5 2. Nf3 Nc6 3. Bc4 Nf6 4. Ng5 d5 5. exd5 Nxd5 6. Nxf7 Kxf7 7. Qf3+ Ke6 8. Nc3 Ncb4 9. O-O c6 10. Qg4+ Kf7 11. Qe4 Be6 12. Qxe5 Be7 13. a3 Bf6 14. Qe4 Na6 15. d4 Nac7 16. Bf4 Ne8 17. Rae1 Rb8 18. Qxe6+ Kg6 19. Bd3+ Kh5 20. Qf5+ Kh4 21. Qh3# 1-0

[Event "Corr"]
[Site "?"]
[Date "2002.04.10"]
[Round "?"]
[White "Garcia Gonzalvez Jose Diego"]
[Black "Morin Stephane"]
[Result "0-1"]
[WhiteElo "2270"]
[BlackElo "2347"]
[PlyCount "54"]
[EventDate "2002.??.??"]
[Source "www.chesslib.no"]
[SourceDate "2004.05.04"]

1. e4 e5 2. Nf3 Nc6 3. Bc4 Nf6 4. Ng5 d5 5. exd5 Nxd5 6. Nxf7 Kxf7 7. Qf3+ Ke6 8. Nc3 Ncb4 9. d4 c6 10. O-O Qf6 11. Qe4 Qf5 12. Qe2 Kf7 13. f4 exd4 14. Ne4 b5 15. Bb3 Be7 16. Ng5+ Kf8 17. h3 d3 18. Qf2 Nxc2 19. g4 Qd7 20. Bxc2 Bd8 21. Qh4 Bb6+ 22. Kh1 dxc2 23. f5 Ne3 24. Bxe3 Bxe3 25. Nxh7+ Kg8 26. f6 Qd5+ 27. Kh2 Be6 0-1

[Event "Postbauer op U18 6th"]
[Site "?"]
[Date "2000.??.??"]
[Round "2"]
[White "Naegelein Andreas"]
[Black "Ceglar Michael"]
[Result "1/2-1/2"]
[WhiteElo "2114"]
[BlackElo "2142"]
[PlyCount "21"]
[EventDate "2000.??.??"]
[Source "www.chesslib.no"]
[SourceDate "2004.05.04"]

1. e4 e5 2. Nf3 Nc6 3. Bc4 Nf6 4. Ng5 d5 5. exd5 Nxd5 6. Nxf7 Kxf7 7. Qf3+ Ke6 8. Nc3 Nce7 9. d4 c6 10. Qe4 Qd6 11. f4 1/2-1/2

[Event "Corr"]
[Site "?"]
[Date "2005.09.18"]
[Round "?"]
[White "Canizares Cuadra Pedro"]
[Black "Graff John"]
[Result "0-1"]
[WhiteElo "2141"]
[BlackElo "2107"]
[PlyCount "28"]
[EventDate "2005.??.??"]
[Source "www.chesslib.no"]
[SourceDate "2004.05.04"]

1. e4 e5 2. Nf3 Nc6 3. Bc4 Nf6 4. Ng5 d5 5. exd5 Nxd5 6. Nxf7 Kxf7 7. Qf3+ Ke6 8. Nc3 Ncb4 9. a3 Nxc2+ 10. Kd1 Nxa1 11. Nxd5 c6 12. Nb6+ Ke7 13. Nxa8 Be6 14. b4 Bxc4 0-1

[Event "WYCC 2008 U18 girls"]
[Site "Vung Tau City VIE"]
[Date "2008.10.21"]
[Round "2.7"]
[White "Preethi, R."]
[Black "Jorgensen, Line Jin"]
[Result "1-0"]
[WhiteElo "2156"]
[BlackElo "1946"]
[PlyCount "85"]
[EventDate "2008.10.20"]
[Source "www.chesslib.no"]
[SourceDate "2004.05.04"]

1. e4 e5 2. Nf3 Nc6 3. Bc4 Nf6 4. Ng5 d5 5. exd5 Nxd5 6. Nxf7 Kxf7 7. Qf3+ Qf6 8. Bxd5+ Ke8 9. Bxc6+ bxc6 10. Qxf6 gxf6 11. d3 Rg8 12. g3 Bd6 13. Nd2 Kf7 14. Nc4 Be6 15. Be3 Bd5 16. Rg1 h5 17. O-O-O a6 18. b3 Bb4 19. f4 Bf3 20. Rdf1 e4 21. Rf2 h4 22. Kb2 Rad8 23. a3 hxg3 24. hxg3 Be7 25. Nd2 f5 26. Nxf3 exf3 27. Rxf3 Bf6+ 28. Kc1 Rg7 29. Kd2 Rdg8 30. Bf2 Bh4 31. d4 Be7 32. b4 Rd8 33. Rd3 Rh7 34. Ke2 Rh2 35. Kf3 Bf6 36. Rgd1 Ke6 37. c4 Rb8 38. d5+ cxd5 39. Re1+ Kf7 40. Rxd5 Kg6 41. Re6 Ra8 42. Bd4 Rf8 43. Rxa6 1-0

[Event "SLO Team Ch qual"]
[Site "Kranj SLO"]
[Date "1995.??.??"]
[Round "?"]
[White "Pazlar, Marko"]
[Black "Krek, Janez"]
[Result "1-0"]
[WhiteElo "1960"]
[BlackElo "2125"]
[PlyCount "58"]
[EventDate "1995.??.??"]
[Source "www.chesslib.no"]
[SourceDate "2004.05.04"]

1. e4 e5 2. Nf3 Nc6 3. Bc4 Nf6 4. Ng5 d5 5. exd5 Nxd5 6. Nxf7 Kxf7 7. Qf3+ Ke6 8. Nc3 Nce7 9. d4 c6 10. O-O Ng6 11. Re1 Bb4 12. dxe5 Bxc3 13. bxc3 Rf8 14. Qg4+ Kf7 15. e6+ Kg8 16. Bg5 Qe8 17. g3 h6 18. Bd2 Rf6 19. f4 Rxe6 20. f5 Ne5 21. Qe4 Nxc4 22. fxe6 Nxd2 23. Qe2 Bxe6 24. Qxd2 Qg6 25. c4 Nb6 26. c5 Nc4 27. Qd3 Bf7 28. Re7 b5 29. Rf1 Rf8 1-0

[Event "Domaine de Lacroix-Laval LYON"]
[Site "?"]
[Date "2005.04.16"]
[Round "1"]
[White "Ravot Sylvain"]
[Black "Roux Pascal"]
[Result "1-0"]
[WhiteElo "2259"]
[BlackElo "1740"]
[PlyCount "55"]
[EventDate "2005.??.??"]
[Source "www.chesslib.no"]
[SourceDate "2004.05.04"]

1. e4 e5 2. Nf3 Nc6 3. Bc4 Nf6 4. Ng5 d5 5. exd5 Nxd5 6. Nxf7 Kxf7 7. Qf3+ Qf6 8. Bxd5+ Ke8 9. Bxc6+ bxc6 10. Qc3 a5 11. O-O Bb4 12. Qe3 Rf8 13. a3 Bd6 14. Nc3 Bb7 15. Ne4 Qf5 16. d3 h6 17. Bd2 Kd7 18. b4 axb4 19. axb4 g5 20. c4 c5 21. bxc5 Be7 22. f3 Rxa1 23. Rxa1 g4 24. Ra7 Bc6 25. Ba5 Bd8 26. Qxh6 gxf3 27. Qd6+ Kc8 28. Rxc7+ 1-0

[Event "Corr"]
[Site "?"]
[Date "2000.01.02"]
[Round "?"]
[White "Naeter Burkhard"]
[Black "Corbat Philippe"]
[Result "1-0"]
[WhiteElo "2080"]
[BlackElo "1873"]
[PlyCount "137"]
[EventDate "2000.??.??"]
[Source "www.chesslib.no"]
[SourceDate "2004.05.04"]

1. e4 e5 2. Nf3 Nc6 3. Bc4 Nf6 4. Ng5 d5 5. exd5 Nxd5 6. Nxf7 Kxf7 7. Qf3+ Ke6 8. Nc3 Ncb4 9. a3 Nxc2+ 10. Kd1 Nd4 11. Bxd5+ Kd6 12. Qf7 Qe7 13. Ne4+ Kd7 14. Nc5+ Kd6 15. Nxb7+ Bxb7 16. Qxe7+ Bxe7 17. Bxb7 Rab8 18. Be4 Nb3 19. Rb1 g6 20. Ke2 Rb6 21. h4 Nd4+ 22. Ke1 Rb3 23. h5 g5 24. Rh3 Rxh3 25. gxh3 Rf8 26. d3 c5 27. h6 a5 28. Be3 Nb3 29. Kf1 Nd4 30. Kg2 Nf5 31. Bd2 Nh4+ 32. Kf1 Nf5 33. Bxa5 Ng3+ 34. Kg2 Nxe4 35. dxe4 Rf4 36. f3 Kc6 37. b4 Kb5 38. Bc7 Rf6 39. bxc5+ Kxc5 40. a4 Ra6 41. Bxe5 Rxh6 42. Kg3 Re6 43. f4 gxf4+ 44. Kxf4 Rh6 45. Rb7 Bd8 46. Rd7 Bf6 47. Rc7+ Kb4 48. Bxf6 Rxf6+ 49. Kg5 Rg6+ 50. Kh5 Re6 51. Rxh7 Kxa4 52. Kg5 Kb5 53. Kf5 Re8 54. e5 Kc6 55. Ke4 Rb8 56. h4 Rb1 57. h5 Re1+ 58. Kf5 Rf1+ 59. Ke6 Kc5 60. h6 Rh1 61. Rh8 Kd4 62. h7 Ke4 63. Kf7 Rf1+ 64. Ke8 Rh1 65. Kd7 Rd1+ 66. Ke7 Rh1 67. e6 Ke5 68. Kf7 Rf1+ 69. Ke8 1-0

[Event "Corr"]
[Site "?"]
[Date "2003.08.20"]
[Round "?"]
[White "Canizares Cuadra Pedro"]
[Black "Newton Hobart E"]
[Result "1-0"]
[WhiteElo "1950"]
[BlackElo "1966"]
[PlyCount "37"]
[EventDate "2003.??.??"]
[Source "www.chesslib.no"]
[SourceDate "2004.05.04"]

1. e4 e5 2. Nf3 Nc6 3. Bc4 Nf6 4. Ng5 d5 5. exd5 Nxd5 6. Nxf7 Kxf7 7. Qf3+ Ke6 8. Nc3 Ncb4 9. a3 Nxc2+ 10. Kd1 Nxa1 11. Nxd5 Kd6 12. d4 Be6 13. Re1 h5 14. Qe4 Kd7 15. Nb6+ cxb6 16. Qxb7+ Kd6 17. Bd2 Nc2 18. dxe5+ Kc5 19. Bxe6 1-0

[Event "Corr"]
[Site "?"]
[Date "2001.11.28"]
[Round "?"]
[White "Popovic Antonije"]
[Black "Moriana Garcia Jose Manuel"]
[Result "1-0"]
[WhiteElo "1925"]
[BlackElo "1971"]
[PlyCount "29"]
[EventDate "2001.??.??"]
[Source "www.chesslib.no"]
[SourceDate "2004.05.04"]

1. e4 e5 2. Nf3 Nc6 3. Bc4 Nf6 4. Ng5 d5 5. exd5 Nxd5 6. Nxf7 Kxf7 7. Qf3+ Ke6 8. Nc3 Ncb4 9. a3 Nxc2+ 10. Kd1 Nxa1 11. Nxd5 Kd6 12. d4 Be6 13. Re1 h5 14. Qe4 Kd7 15. Nb6+ 1-0

[Event "Corr"]
[Site "?"]
[Date "2000.01.02"]
[Round "?"]
[White "Corbat Philippe"]
[Black "Naeter Burkhard"]
[Result "1/2-1/2"]
[WhiteElo "1850"]
[BlackElo "2039"]
[PlyCount "61"]
[EventDate "2000.??.??"]
[Source "www.chesslib.no"]
[SourceDate "2004.05.04"]

1. e4 e5 2. Nf3 Nc6 3. Bc4 Nf6 4. Ng5 d5 5. exd5 Nxd5 6. Nxf7 Kxf7 7. Qf3+ Ke6 8. Nc3 Ncb4 9. a3 Nxc2+ 10. Kd1 Nxa1 11. Nxd5 c6 12. Nb6+ Kd6 13. Nxa8 Qh4 14. Qd3+ Qd4 15. Qxd4+ exd4 16. d3 Bf5 17. Bf4+ Kd7 18. Kd2 Bd6 19. Bxd6 Kxd6 20. Rxa1 Rxa8 21. Re1 b5 22. Ba2 Bd7 23. Re4 c5 24. b4 Re8 25. Rf4 Bc6 26. g3 Bg2 27. Rf5 cxb4 28. axb4 Bf1 29. Rd5+ Kc6 30. Rc5+ Kd6 31. Rd5+ 1/2-1/2

[Event "Mollerussa op-B"]
[Site "?"]
[Date "1997.??.??"]
[Round "2"]
[White "Coria Gonzalez Pedro"]
[Black "Bertran Civit Jordi"]
[Result "1-0"]
[WhiteElo "1975"]
[BlackElo "1875"]
[PlyCount "46"]
[EventDate "1997.??.??"]
[Source "www.chesslib.no"]
[SourceDate "2004.05.04"]

1. e4 e5 2. Nf3 Nc6 3. Bc4 Nf6 4. Ng5 d5 5. exd5 Nxd5 6. Nxf7 Kxf7 7. Qf3+ Qf6 8. Bxd5+ Ke8 9. Bxc6+ bxc6 10. Qc3 c5 11. Na3 Bd6 12. Nc4 Kf7 13. O-O Rf8 14. f4 exf4 15. Qxf6+ Kxf6 16. d3 Ke7 17. Bd2 g5 18. Rf2 Bb7 19. Re1+ Kd7 20. Ree2 f3 21. gxf3 Bxf3 22. Ne5+ Bxe5 23. Rxe5 g4 1-0

[Event "Corr"]
[Site "?"]
[Date "2000.07.21"]
[Round "?"]
[White "Corbat Philippe"]
[Black "Hoefer Hans-Peter"]
[Result "1/2-1/2"]
[WhiteElo "1902"]
[BlackElo "1917"]
[PlyCount "85"]
[EventDate "2000.??.??"]
[Source "www.chesslib.no"]
[SourceDate "2004.05.04"]

1. e4 e5 2. Nf3 Nc6 3. Bc4 Nf6 4. Ng5 d5 5. exd5 Nxd5 6. Nxf7 Kxf7 7. Qf3+ Ke6 8. Nc3 Ncb4 9. a3 Nxc2+ 10. Kd1 Nd4 11. Bxd5+ Kd6 12. Qf7 Qe7 13. Ne4+ Kd7 14. Nc5+ Kd6 15. Nxb7+ Bxb7 16. Qxe7+ Bxe7 17. Bxb7 Rab8 18. Be4 Nb3 19. Rb1 Ke6 20. h4 h6 21. Rh3 Rhd8 22. d3 Nxc1 23. Kxc1 Rf8 24. f3 Rb3 25. Kc2 Rfb8 26. Rg3 Bxa3 27. Rxg7 Rxb2+ 28. Rxb2 Rxb2+ 29. Kc3 Rb6 30. Rxc7 Bb2+ 31. Kc2 Bd4 32. g4 Rb2+ 33. Kc1 Rf2 34. Rc6+ Kd7 35. Rg6 a5 36. Ra6 Bc3 37. g5 hxg5 38. h5 Rh2 39. h6 g4 40. Ra7+ Ke6 41. h7 gxf3 42. Bxf3 e4 43. Bxe4 1/2-1/2

[Event "Corr"]
[Site "?"]
[Date "1999.11.22"]
[Round "?"]
[White "Nagley Tim"]
[Black "Corbat Philippe"]
[Result "1-0"]
[WhiteElo "1967"]
[BlackElo "1839"]
[PlyCount "131"]
[EventDate "1999.??.??"]
[Source "www.chesslib.no"]
[SourceDate "2004.05.04"]

1. e4 e5 2. Nf3 Nc6 3. Bc4 Nf6 4. Ng5 d5 5. exd5 Nxd5 6. Nxf7 Kxf7 7. Qf3+ Ke6 8. Nc3 Ncb4 9. Qe4 c6 10. a3 Na6 11. d4 Nac7 12. Bd2 Qf6 13. f4 Qf5 14. fxe5 Qxe4+ 15. Nxe4 Be7 16. O-O b5 17. Bb3 Bb7 18. Bb4 Rhf8 19. Bd6 Bxd6 20. exd6 Na6 21. c4 bxc4 22. Bxc4 Kd7 23. Rae1 Rxf1+ 24. Rxf1 Rd8 25. Rf7+ Kc8 26. Rxg7 Rd7 27. Rxd7 Kxd7 28. Bxa6 Bxa6 29. Nc5+ Kxd6 30. Nxa6 Ne3 31. Kf2 Nd1+ 32. Kf3 Nxb2 33. Ke4 Nc4 34. a4 Nd2+ 35. Kd3 Nf1 36. h4 Ng3 37. Nc5 Kd5 38. Nd7 Nf5 39. h5 Ng3 40. Nf6+ Ke6 41. Nxh7 Nxh5 42. g4 Nf4+ 43. Kc4 Kd6 44. Ng5 Nd5 45. Ne4+ Kd7 46. Nc5+ Kd6 47. g5 Ne3+ 48. Kd3 Nf5 49. Ke4 Ng3+ 50. Kf4 Nh5+ 51. Kf5 Kd5 52. g6 Ng7+ 53. Kf6 Nh5+ 54. Kf7 Kxd4 55. Nd7 Ng3 56. Ke6 Nh5 57. Kd6 Kc4 58. Ne5+ Kb3 59. a5 Ka4 60. Nxc6 a6 61. Ke5 Kb5 62. Nd4+ Kxa5 63. Ne2 Kb4 64. Ng3 Ng7 65. Kf6 a5 66. Kxg7 1-0

[Event "Corr"]
[Site "?"]
[Date "2000.07.21"]
[Round "?"]
[White "Hoefer Hans-Peter"]
[Black "Corbat Philippe"]
[Result "1/2-1/2"]
[WhiteElo "1900"]
[BlackElo "1902"]
[PlyCount "78"]
[EventDate "2000.??.??"]
[Source "www.chesslib.no"]
[SourceDate "2004.05.04"]

1. e4 e5 2. Nf3 Nc6 3. Bc4 Nf6 4. Ng5 d5 5. exd5 Nxd5 6. Nxf7 Kxf7 7. Qf3+ Ke6 8. Nc3 Ncb4 9. Qe4 c6 10. a3 Na6 11. d4 Nac7 12. f4 Kf7 13. fxe5 Be6 14. O-O+ Ke8 15. Qf3 Qh4 16. Ne4 Be7 17. g3 Qh3 18. Bg5 Rf8 19. Qe2 Qg4 20. Qxg4 Bxg4 21. c3 Rxf1+ 22. Rxf1 Be6 23. Bd3 Kd7 24. Bxe7 Kxe7 25. Nd6 g6 26. Nxb7 Rb8 27. Na5 Rxb2 28. c4 Ne3 29. Rf3 Nf5 30. Nxc6+ Kd7 31. Bxf5 Bxf5 32. d5 Rb1+ 33. Kf2 Rb2+ 34. Ke1 Ne6 35. Nxa7 Nc5 36. e6+ Ke8 37. h3 Nd3+ 38. Kd1 Nf2+ 39. Ke1 Nd3+ 1/2-1/2

[Event "Corr"]
[Site "?"]
[Date "1999.07.16"]
[Round "?"]
[White "Blaisot Alain"]
[Black "Jaskula Robert"]
[Result "0-1"]
[WhiteElo "1840"]
[BlackElo "1920"]
[PlyCount "68"]
[EventDate "1999.??.??"]
[Source "www.chesslib.no"]
[SourceDate "2004.05.04"]

1. e4 e5 2. Nf3 Nc6 3. Bc4 Nf6 4. Ng5 d5 5. exd5 Nxd5 6. Nxf7 Kxf7 7. Qf3+ Ke6 8. Nc3 Ncb4 9. a3 Nxc2+ 10. Kd1 Nxa1 11. Nxd5 Kd6 12. Qd3 e4 13. Qxe4 Qg5 14. Ne3 c6 15. b4 b5 16. Be2 a5 17. bxa5 Kc7 18. Bf3 Bb7 19. Qb1 Rxa5 20. Qxa1 Ra4 21. Bb2 Bd6 22. Re1 Rf8 23. Bxg7 Rxa3 24. Qb2 Rfa8 25. Bc3 Ra2 26. Qb1 Qg6 27. Be4 Qh5+ 28. f3 b4 29. Bg7 Qxh2 30. Qb3 Qh5 31. Nc2 Qe8 32. Bd4 Qg8 33. Qxg8 Rxg8 34. Rh1 Rxg2 0-1

[Event "Corr"]
[Site "?"]
[Date "1999.11.22"]
[Round "?"]
[White "Corbat Philippe"]
[Black "Nagley Tim"]
[Result "1-0"]
[WhiteElo "1790"]
[BlackElo "1952"]
[PlyCount "33"]
[EventDate "1999.??.??"]
[Source "www.chesslib.no"]
[SourceDate "2004.05.04"]

1. e4 e5 2. Nf3 Nc6 3. Bc4 Nf6 4. Ng5 d5 5. exd5 Nxd5 6. Nxf7 Kxf7 7. Qf3+ Ke6 8. Nc3 Ncb4 9. a3 Nxc2+ 10. Kd1 Nxa1 11. Nxd5 Kd7 12. d4 a6 13. Re1 e4 14. Rxe4 Kc6 15. Qc3 Kd7 16. b4 Bd6 17. b5 1-0

[Event "It (Men) Copenhagen DEN"]
[Site "?"]
[Date "2005.07.16"]
[Round "1"]
[White "Munksgaard Dennis"]
[Black "Meijer Yoram"]
[Result "1-0"]
[WhiteElo "2127"]
[BlackElo "1522"]
[PlyCount "105"]
[EventDate "2005.??.??"]
[Source "www.chesslib.no"]
[SourceDate "2004.05.04"]

1. e4 e5 2. Nf3 Nc6 3. Bc4 Nf6 4. Ng5 d5 5. exd5 Nxd5 6. Nxf7 Kxf7 7. Qf3+ Ke8 8. Bxd5 Qf6 9. Bxc6+ Qxc6 10. Qxc6+ bxc6 11. O-O Kd8 12. d3 h6 13. Nc3 g5 14. Be3 Ba6 15. Rfd1 Kc8 16. d4 exd4 17. Bxd4 Rh7 18. Ne4 Re7 19. Nc5 Bc4 20. b3 Bf7 21. Re1 Rxe1+ 22. Rxe1 Bxc5 23. Bxc5 Kb7 24. Rd1 Re8 25. Be3 Re5 26. c4 c5 27. Rd7 Bg6 28. h4 Bb1 29. Rd2 gxh4 30. Bxh6 Rh5 31. Bf4 Rh7 32. a3 a5 33. b4 axb4 34. axb4 cxb4 35. Rb2 Be4 36. Rxb4+ Kc6 37. f3 Bd3 38. Be3 Rg7 39. Kf2 Bf5 40. Rb5 Be6 41. Re5 Kd7 42. Rh5 Bxc4 43. Rxh4 Bd5 44. g4 Ke6 45. Rh6+ Kf7 46. Bd4 Rg6 47. Rh7+ Ke8 48. Rxc7 Rh6 49. Kg3 Ra6 50. Rc3 Ra4 51. Be5 Be6 52. f4 Ra5 53. Re3 1-0

[Event "Politiken Cup 24th"]
[Site "?"]
[Date "2002.07.23"]
[Round "8"]
[White "Christensen Esben"]
[Black "Nielsen Palle Moeller"]
[Result "1-0"]
[WhiteElo "2099"]
[BlackElo "1473"]
[PlyCount "67"]
[EventDate "2002.??.??"]
[Source "www.chesslib.no"]
[SourceDate "2004.05.04"]

1. e4 e5 2. Nf3 Nc6 3. Bc4 Nf6 4. Ng5 d5 5. exd5 Nxd5 6. Nxf7 Kxf7 7. Qf3+ Ke8 8. Bxd5 Qf6 9. c3 h5 10. O-O Bg4 11. Qxf6 gxf6 12. d4 Rd8 13. Bxc6+ bxc6 14. Be3 Rg8 15. f3 Bh3 16. Rf2 c5 17. Nd2 cxd4 18. cxd4 exd4 19. Bf4 d3 20. Rc1 Rd7 21. Ne4 Kf7 22. Kf1 Bf5 23. Rxc7 Rxc7 24. Bxc7 Be6 25. b3 Bb4 26. Bf4 Ke7 27. Bd2 Ba3 28. g3 Bh3+ 29. Ke1 f5 30. Ng5 Rxg5 31. Bxg5+ Kd6 32. Kd2 Bc5 33. Be3 Bxe3+ 34. Kxe3 1-0

[Event "Bad Sooden (29.04.-07.05)"]
[Site "?"]
[Date "2003.05.02"]
[Round "4"]
[White "Holze Guenter"]
[Black "Rose Heinrich"]
[Result "1-0"]
[WhiteElo "1884"]
[BlackElo "1661"]
[PlyCount "101"]
[EventDate "2003.??.??"]
[Source "www.chesslib.no"]
[SourceDate "2004.05.04"]

1. e4 e5 2. Nf3 Nc6 3. Bc4 Nf6 4. Ng5 d5 5. exd5 Nxd5 6. Nxf7 Kxf7 7. Qf3+ Qf6 8. Bxd5+ Be6 9. Bxc6 bxc6 10. Qxc6 Bd6 11. Nc3 Qf5 12. d3 Rhf8 13. Qe4 Kg8 14. Qxf5 Bxf5 15. Be3 Rab8 16. Rb1 a5 17. O-O c5 18. b3 Rfc8 19. Bd2 Ra8 20. Rfe1 Rc6 21. Na4 Bc7 22. Bc3 Re8 23. f3 Kf7 24. Nb2 Be6 25. Re2 Bd5 26. Rbe1 Rg6 27. Kf1 Rge6 28. Na4 Rh6 29. h3 Bxf3 30. gxf3 Rxh3 31. Kg2 Rh5 32. Re4 Re6 33. Rh1 Rg6+ 34. Rg4 Rhg5 35. Rxh7 Rxg4+ 36. fxg4 Rxg4+ 37. Kf3 Rg1 38. Ke2 Rg2+ 39. Kd1 Rg1+ 40. Kd2 Rg2+ 41. Kc1 Re2 42. Nxc5 Bb6 43. Ne4 Kg6 44. Rh3 Bc7 45. Bd2 Rg2 46. Rg3+ Rxg3 47. Nxg3 Kf6 48. c4 Bd8 49. Ne4+ Kf5 50. Nd6+ Ke6 51. Nb7 1-0

[Event "Béthune"]
[Site "?"]
[Date "2002.12.27"]
[Round "2.55"]
[White "Le Ny Jean Jacques"]
[Black "Pruvost Stephane"]
[Result "1/2-1/2"]
[WhiteElo "1700"]
[BlackElo "1840"]
[PlyCount "62"]
[EventDate "2002.??.??"]
[Source "www.chesslib.no"]
[SourceDate "2004.05.04"]

1. e4 e5 2. Nf3 Nc6 3. Bc4 Nf6 4. Ng5 d5 5. exd5 Nxd5 6. Nxf7 Kxf7 7. Qf3+ Qf6 8. Qxd5+ Be6 9. Qxe6+ Qxe6 10. Bxe6+ Kxe6 11. c3 Bc5 12. O-O Rad8 13. b4 Bb6 14. Na3 a6 15. Nc4 Ba7 16. a4 Rd5 17. Ne3 Rd3 18. Rb1 Ne7 19. b5 Rf8 20. Nc4 Nd5 21. Ba3 Rf4 22. Ne3 Rxd2 23. Nxd5 Rxd5 24. Rb4 Rxf2 25. b6 Bxb6 26. Rxb6+ cxb6 27. Rxf2 Rd1+ 28. Rf1 Rxf1+ 29. Kxf1 Kd5 30. Ke2 Ke4 31. Bf8 g6 1/2-1/2

[Event "Festival de la Juventud U18 Girls"]
[Site "?"]
[Date "2002.03.28"]
[Round "2"]
[White "Zamora Olivares Diana"]
[Black "Barrientos Lopez Claudia"]
[Result "1-0"]
[WhiteElo "1506"]
[BlackElo "2001"]
[PlyCount "61"]
[EventDate "2002.??.??"]
[Source "www.chesslib.no"]
[SourceDate "2004.05.04"]

1. e4 e5 2. Nf3 Nc6 3. Bc4 Nf6 4. Ng5 d5 5. exd5 Nxd5 6. Nxf7 Kxf7 7. Qf3+ Qf6 8. Bxd5+ Ke8 9. O-O Nd4 10. Qd1 c6 11. Be4 Bf5 12. Nc3 Bd6 13. d3 Kd7 14. f4 Raf8 15. fxe5 Qxe5 16. Bf4 Qe6 17. Bxf5 Rxf5 18. Bxd6 Kxd6 19. Ne4+ Kc7 20. c3 Rxf1+ 21. Qxf1 Nf5 22. Re1 Qg6 23. Qf4+ Kc8 24. Nc5 Rf8 25. Re6 Qf7 26. d4 b6 27. Rxc6+ Kd8 28. Qb8+ Ke7 29. Qxa7+ Kd8 30. Qb8+ Ke7 31. Qb7+ 1-0

[Event "It (open)"]
[Site "La Fere (France)"]
[Date "2007.07.07"]
[Round "1"]
[White "Cazzaro Dorian"]
[Black "Oges Helene"]
[Result "0-1"]
[WhiteElo "1800"]
[BlackElo "1650"]
[PlyCount "34"]
[EventDate "2007.??.??"]
[Source "www.chesslib.no"]
[SourceDate "2004.05.04"]

1. e4 e5 2. Nf3 Nc6 3. Bc4 Nf6 4. Ng5 d5 5. exd5 Nxd5 6. Nxf7 Kxf7 7. Qf3+ Ke6 8. Nc3 Nce7 9. d4 Qd6 10. Qe4 c6 11. f4 Kd7 12. dxe5 Nxc3 13. bxc3 Qg6 14. Qd4+ Ke8 15. O-O Bh3 16. Qf2 Nf5 17. Bd3 Bc5 0-1

[Event "Bad Sooden (29.04.-07.05)"]
[Site "?"]
[Date "2003.05.02"]
[Round "5"]
[White "Schneider Miloca"]
[Black "Eichhorn Dietmar"]
[Result "1-0"]
[WhiteElo "1718"]
[BlackElo "1669"]
[PlyCount "77"]
[EventDate "2003.??.??"]
[Source "www.chesslib.no"]
[SourceDate "2004.05.04"]

1. e4 e5 2. Nf3 Nc6 3. Bc4 Nf6 4. Ng5 d5 5. exd5 Nxd5 6. Nxf7 Kxf7 7. Qf3+ Ke6 8. Nc3 Nce7 9. d4 c6 10. O-O Ng6 11. dxe5 Bb4 12. Bxd5+ cxd5 13. Qg4+ Kf7 14. Qxb4 Re8 15. f4 Re7 16. Be3 b6 17. Nb5 Kg8 18. Nd6 Qc7 19. Qd4 Bb7 20. c4 dxc4 21. Qxc4+ Qxc4 22. Nxc4 Ba6 23. b3 Rc8 24. Rfc1 Bxc4 25. Rxc4 Rxc4 26. bxc4 Rc7 27. Rc1 Kf7 28. Kf2 Rc6 29. g3 Ne7 30. g4 g6 31. Kf3 Ke6 32. Ke4 Rc8 33. h4 Rc6 34. a4 h5 35. gxh5 gxh5 36. c5 Nf5 37. cxb6 Rxc1 38. Bxc1 axb6 39. Be3 1-0

[Event "Cap d'Agde FRA"]
[Site "?"]
[Date "2002.10.25"]
[Round "3"]
[White "Serra Yannick"]
[Black "Trigui Fathi"]
[Result "1/2-1/2"]
[WhiteElo "1790"]
[BlackElo "1580"]
[PlyCount "124"]
[EventDate "2002.??.??"]
[Source "www.chesslib.no"]
[SourceDate "2004.05.04"]

1. e4 e5 2. Nf3 Nc6 3. Bc4 Nf6 4. Ng5 d5 5. exd5 Nxd5 6. Nxf7 Kxf7 7. Qf3+ Ke8 8. Bxd5 Qf6 9. Bxc6+ bxc6 10. Qxf6 gxf6 11. d3 Rg8 12. g3 c5 13. Nc3 Bb7 14. Rg1 Ba6 15. Nd5 Rg7 16. Nxf6+ Kf7 17. Ne4 c4 18. dxc4 Bxc4 19. Be3 Rb8 20. b3 Bd5 21. Nd2 Bb4 22. O-O-O Rb7 23. c4 Be6 24. Nf3 Kf6 25. Nxe5 Ba3+ 26. Kc2 Bf5+ 27. Kc3 Re7 28. Nf3 Kg7 29. Bd4+ Kg8 30. Ne5 c5 31. f4 cxd4+ 32. Rxd4 Kg7 33. Rgd1 Bc5 34. Rd5 Bb4+ 35. Kb2 Be6 36. Rd8 Ba5 37. R8d6 Bc7 38. R6d4 Bxe5 39. fxe5 Bf7 40. Re1 Bg6 41. Kc3 Rb8 42. b4 Rbe8 43. Rd5 Rc8 44. c5 Rce8 45. a4 Bf7 46. e6 Rxe6 47. Rxe6 Rxe6 48. Kd4 Re2 49. c6 Rc2 50. Rd7 Rxc6 51. Rxa7 Rc4+ 52. Ke5 Rxb4 53. a5 Ra4 54. h3 Ra3 55. Kf4 Kg6 56. Ra6+ Kg7 57. Ra7 Kg6 58. h4 Ra4+ 59. Ke3 Ra3+ 60. Kf2 Ra2+ 61. Ke3 Ra3+ 62. Kf4 Ra4+ 1/2-1/2

[Event "Niort op-B"]
[Site "?"]
[Date "2002.09.28"]
[Round "1"]
[White "Aubin Alex"]
[Black "Lamot Xavier"]
[Result "1-0"]
[WhiteElo "1760"]
[BlackElo "1499"]
[PlyCount "75"]
[EventDate "2002.??.??"]
[Source "www.chesslib.no"]
[SourceDate "2004.05.04"]

1. e4 e5 2. Nf3 Nc6 3. Bc4 Nf6 4. Ng5 d5 5. exd5 Nxd5 6. Nxf7 Qf6 7. Bxd5 Bc5 8. Qf3 Qxf3 9. gxf3 Rf8 10. Bxc6+ bxc6 11. Nxe5 Bh3 12. c3 O-O-O 13. d4 Bd6 14. Nd2 Rde8 15. Ndc4 Bxe5 16. Nxe5 c5 17. Be3 cxd4 18. cxd4 h6 19. O-O-O Re6 20. f4 Ra6 21. a3 Bf5 22. Rhg1 g6 23. d5 Rd8 24. Nc6 Rd6 25. Ne7+ Kd7 26. Nxf5 gxf5 27. Rg7+ Kc8 28. Bc5 Rd7 29. Rxd7 Kxd7 30. Rg1 Ke8 31. Rg7 Kd8 32. Rf7 Rg6 33. Rxf5 Rg2 34. Rh5 Rg6 35. Bxa7 Rd6 36. Bc5 Rg6 37. f5 Rg4 38. Kd2 1-0